| 000 | 00500nam a2200205Ia 4500 | ||
|---|---|---|---|
| 008 | 170918s9999 xx 000 0 und d | ||
| 020 | _a9780590921565 | ||
| 050 | _bC689 1996 | ||
| 100 | _aCole, Joanna | ||
| 245 | _aOut of this world : | ||
| 245 | _ba book about space rocks / | ||
| 245 | _cby Joanna Cole and Bruce Degen. | ||
| 260 | _aNew York : | ||
| 260 | _bScholastic, | ||
| 260 | _c1996 | ||
| 300 | _aunpaged : | ||
| 300 | _bchiefly colored ; | ||
| 300 | _c20cm. | ||
| 500 | _a540 | ||
| 999 |
_c343011 _d343011 |
||